000 00857nam a22003017a 4500
001 BR8007138
003 BR-BrBNA
005 20230928090826.0
007 ta
008 230509b bl.||||| |||| 00| 0 por d
040 _aBR-BrBNA
_bpor
_cBiblioteca Nacional de Agricultura
041 _a(Por)
072 _aP10; P12
_b/G514
090 _ P10 BR8007138
110 1 _aDepartamento Nacional de Obras Contra as Secas, Fortaleza, CE (Brasil)
245 1 _aRecursos hidricos; regiao baixo e medio Jaguaribe, Ceara. Cartas [Brasil]
260 3 _aFortaleza, CE (Brasil):
_c[nd].
300 _a18 p.
500 _aPublished 1979? 18 Maps, scale 1:100.000
650 _aRECURSO HIDRICO
650 _aGEOLOGIA
650 _aDRENAGEM
650 _aPOCO
650 _aACUDE
650 _aCEARA
909 _a202309
_bLucia
_c55
_dLucia Elande
942 _cBK
999 _c30753
_d30753